Standing ovation / (Record no. 3831)

MARC details
000 -LEADER
fixed length control field 00352nam a2200145 4500
001 - CONTROL NUMBER
control field 4620
005 - DATE AND TIME OF LATEST TRANSACTION
control field 20181127173808.0
020 00 - INTERNATIONAL STANDARD BOOK NUMBER
International Standard Book Number 9788120780071
090 00 - LOCALLY ASSIGNED LC-TYPE CALL NUMBER (OCLC); LOCAL CALL NUMBER (RLIN)
Classification number (OCLC) (R) ; Classification number, CALL (RLIN) (NR) 808.51 R8881s 2013
100 00 - MAIN ENTRY--PERSONAL NAME
Personal name Roy, S N.
245 00 - TITLE STATEMENT
Title Standing ovation /
Remainder of title
Statement of responsibility, etc. S N Roy.
Medium
260 00 - PUBLICATION, DISTRIBUTION, ETC.
Place of publication, distribution, etc. New Delhi :
Name of publisher, distributor, etc. Sterling,
Date of publication, distribution, etc. 2013.
300 00 - PHYSICAL DESCRIPTION
Extent 80 p. ; 25 cm.
650 00 - SUBJECT ADDED ENTRY--TOPICAL TERM
Topical term or geographic name entry element Public speaking.
General subdivision
Holdings
Withdrawn status Lost status Source of classification or shelving scheme Damaged status Not for loan Collection code Home library Current library Shelving location Serial Enumeration / chronology Inventory number Total Checkouts Full call number Barcode Date last seen Price effective from Koha item type
    Dewey Decimal Classification     Main TEST RTC Library RTC Library Main opac 7324   808.5 ROY 30007541 27/11/2018 27/11/2018 Main
Royal Thimphu College || All Right Reserved